000 00647nam a2200241Ia 4500
003 OSt
005 20221007082017.0
006 a|||||r|||| 00| 0
007 ta
008 221006b |||||||| |||| 00| 0 eng d
024 _a26,524
037 _cTextual
040 _aFLL
_cFLL
_beng
041 _2eng
_aeng
082 _aZ73:5, K21;K9
100 _aKadish Sanford H.
245 0 _aCriminal law and its processes
250 _a2nd
260 _aToronto
_bLittle, Brown and Company Toronto
_c1969
300 _axxxvii,1-1462p
_ccm.
942 _hZ73:5, K21;K9
_cTEXL
_2CC
999 _c1165021
_d1165021